000 00933nam a2200217Ia 4500
003 OSt
005 20210419122420.0
008 210310s1996 ck ao gr 000 0 spa d
040 _aCO-JMCR
_cCO-JMCR
041 0 _aspa
082 0 4 _a382.917 /
_bM351c
_223
111 2 _aSegunda reunión Ministerial de comercio :
_c(Cartagena de indias
_d1996 : 21 de Marzo)
_936968
245 1 0 _aCumbre Ministerial de las Américas /
_cMinisterio de Comercio Exterior de Colombia.
260 _aCartagena de Indias :
_bMinisterio de Comercio Exterior,
_c1996.
300 _b127 páginas :
_ailustraciones y fotografías a color ;
_c28 cm.
505 _aEvolución y perspectivas. -- Declaración conjunta/Reportes grupos de trabajo.
650 1 4 _aALCA.
_xComercio exterior
_925740
650 2 4 _aIntegración regional
_93984
811 1 0 _aMemorias de la Segunda Reunión Ministerial de Comercio.
_cCartagena de Indias
_936969
942 _2ddc
_cBK
999 _c11519
_d11519